Catálogo
 En Linea

Trujillo de cerca / (Registro nro. 52760)

Detalles MARC
000 -CABECERA
campo de control de longitud fija 02048nam a2200349 i 4500
001 - NÚMERO DE CONTROL
campo de control 000000558
003 - IDENTIFICADOR DEL NÚMERO DE CONTROL
campo de control DO-SdBNP
005 - FECHA Y HORA DE LA ÚLTIMA TRANSACCIÓN
campo de control 20250618133503.0
007 - CAMPO FIJO DE DESCRIPCIÓN FÍSICA--INFORMACIÓN GENERAL
campo de control de longitud fija ta
008 - DATOS DE LONGITUD FIJA--INFORMACIÓN GENERAL
campo de control de longitud fija 081030s2016 dr ac 001 0bspa d
020 ## - NÚMERO INTERNACIONAL ESTÁNDAR DEL LIBRO
Número Internacional Estándar del Libro 9789945410884
040 ## - FUENTE DE LA CATALOGACIÓN
Centro catalogador/agencia de origen DO-SdBNP
Lengua de catalogación spa
Centro/agencia transcriptor BNPHU
082 #4 - NÚMERO DE LA CLASIFICACIÓN DECIMAL DEWEY
Número de clasificación 923.17293
Número de documento/Ítem T866R
Número de edición 22
100 1# - ENTRADA PRINCIPAL--NOMBRE DE PERSONA
Nombre de persona Read Vittini, Mario,
Fechas asociadas al nombre 1926-2010
Término indicativo de función/relación autor
9 (RLIN) 1841
245 10 - MENCIÓN DE TÍTULO
Título Trujillo de cerca /
Mención de responsabilidad, etc. Mario Read Vittini ; prólogo Manuel Núñez
264 ## - PRODUCCIÓN, PUBLICACIÓN, DISTRIBUCIÓN, FABRICACIÓN Y COPYRIGHT
Producción, publicación, distribución, fabricación y copyright Santo Domingo :
Nombre del de productor, editor, distribuidor, fabricante Letra Gráfica,
Fecha de producción, publicación, distribución, fabricación o copyright 2016.
300 ## - DESCRIPCIÓN FÍSICA
Extensión 423 páginas :
Otras características físicas ilustraciones, retratos ;
Dimensiones 24 cm.
336 ## - TIPO DE CONTENIDO
Fuente rdacontent
Término de tipo de contenido texto
Código de tipo de contenido txt
337 ## - TIPO DE MEDIO
Fuente rdamedia
Nombre/término del tipo de medio sin mediación
Código del tipo de medio n
338 ## - TIPO DE SOPORTE
Fuente rdacarrier
Nombre/término del tipo de soporte volumen
Código del tipo de soporte nc
490 0# - MENCIÓN DE SERIE
Mención de serie Vintage Books
500 ## - NOTA GENERAL
Nota general Incluye índice onomástico
500 ## - NOTA GENERAL
Nota general Incluye datos biográficos del autor en la solapa dela cubierta
505 0# - NOTA DE CONTENIDO CON FORMATO
Título Prólogo /
Mención de responsabilidad Manuel Núñez --
Título Algunas palabras necesarias --
-- Datos generales sobre Trujillo y su régimen --
-- ¿Quién era Trujillo? --
-- Mis relaciones con Trujillo --
-- Mi situación con Trujillo --
-- La situación económica, social y política de la República al ascenso de Trujillo al poder --
-- El lado oscuro del régimen --
-- Las actividades internacionales --
-- La parte positiva --
-- Trujillo y la iglesia --
-- Los monumentos y la prensa --
-- La administración --
-- La cultura, las artes y el deporte --
-- Trujillo fiestero --
-- Rebeldía y sanción --
-- La lucha clandestina y el asilamiento --
-- El exilio --
-- El atentado --
-- El regreso --
-- Reflexión final --
-- Índice onomástico --
-- Carta que dirigió Modesto Díaz a su familia pocos días antes de ser asesinado en la hacienda María.
590 ## - NOTA LOCAL (RLIN)
Nota local Inventariado, 2023/MFF
600 10 - PUNTO DE ACCESO ADICIONAL DE MATERIA--NOMBRE DE PERSONA
Nombre de persona Trujillo Molina, Rafael Leónidas,
Fechas asociadas al nombre 1891-1961
9 (RLIN) 76764
651 #4 - PUNTO DE ACCESO ADICIONAL DE MATERIA--NOMBRE GEOGRÁFICO
Nombre geográfico República Dominicana
Subdivisión general Política gobierno
Subdivisión cronológica 1930-1961
9 (RLIN) 84413
651 #4 - PUNTO DE ACCESO ADICIONAL DE MATERIA--NOMBRE GEOGRÁFICO
Nombre geográfico República Dominicana
Subdivisión general Política y gobierno
Subdivisión cronológica 1961-
9 (RLIN) 204
700 12 - PUNTO DE ACCESO ADICIONAL--NOMBRE DE PERSONA
Nombre de persona Núñez, Manuel,
Fechas asociadas al nombre 1957-
Término indicativo de función/relación prólogo
9 (RLIN) 2366
910 ## - DATOS DE OPCIÓN DEL USUARIO (OCLC)
Datos de opción del usuario DG. Validado. Control de calidad MFF
942 ## - ELEMENTOS DE PUNTO DE ACCESO ADICIONAL (KOHA)
Fuente del sistema de clasificación o colocación Dewey Decimal Classification
Tipo de ítem Koha Libro
Existencias
Estado de retiro Estado de pérdida Fuente del sistema de clasificación o colocación Restricciones de uso No para préstamo Código de colección Localización permanente Ubicación/localización actual Ubicación en estantería Fecha de adquisición Fuente de adquisición Total de préstamos Signatura topográfica completa Código de barras Fecha visto por última vez Precio válido a partir de Tipo de ítem Koha
    Dewey Decimal Classification Excluido de préstamo   Patrimonio Dominicano Biblioteca Nacional Pedro Henríquez Ureña Biblioteca Nacional Pedro Henríquez Ureña Depósito 03.11.2022 por compra   BNPHU PD 923.17293 T866r 2022-4831 03.11.2022 03.11.2022 Libro

Con tecnología Koha